000 00535nam a2200205Ia 4500
999 _c47245
_d47245
001 14105
003 GE_BSU
005 20241108161500.0
008 181216s2011||||ru |||||||||||||| ||rus||
020 _a9785988561231
040 _cGE_BSU
041 _arus
080 _a327 К-85
245 _aКрымский политический диалог 2010.
260 _aМосква
260 _c2011
300 _a240 стр. ;
_c21 см.
653 _aКрымский политический диалог
942 _cBK
_2udc